|
|
|
|
| LEADER |
01494nam a2200385 a 4500 |
| 001 |
EBC1157724 |
| 003 |
MiAaPQ |
| 005 |
20200520144314.0 |
| 006 |
m o d | |
| 007 |
cr cn||||||||| |
| 008 |
130308s2013 enk sb 001 0 eng d |
| 010 |
|
|
|z 2013005666
|
| 020 |
|
|
|z 9781119945284 (pbk.)
|
| 020 |
|
|
|a 9781118644256 (electronic bk.)
|
| 035 |
|
|
|a (MiAaPQ)EBC1157724
|
| 035 |
|
|
|a (Au-PeEL)EBL1157724
|
| 035 |
|
|
|a (CaPaEBR)ebr10677865
|
| 035 |
|
|
|a (CaONFJC)MIL471502
|
| 035 |
|
|
|a (OCoLC)833767045
|
| 040 |
|
|
|a MiAaPQ
|c MiAaPQ
|d MiAaPQ
|
| 050 |
|
4 |
|a HB615
|b .L39 2013
|
| 082 |
0 |
4 |
|a 658.1/1
|2 23
|
| 100 |
1 |
|
|a Lawrence, Peter A.
|
| 245 |
1 |
0 |
|a Enterprise in action
|h [electronic resource] :
|b a guide to entrepreneurship /
|c Peter Lawrence.
|
| 260 |
|
|
|a Chichester [England] :
|b John Wiley and Sons, Inc.,
|c 2013.
|
| 300 |
|
|
|a 258 p.
|
| 504 |
|
|
|a Includes bibliographical references and index.
|
| 505 |
0 |
|
|a Change and opportunity -- Destination : core competence -- A natural history of innovation -- Shades of originality.
|
| 533 |
|
|
|a Electronic reproduction. Ann Arbor, MI : ProQuest, 2015. Available via World Wide Web. Access may be limited to ProQuest affiliated libraries.
|
| 650 |
|
0 |
|a Entrepreneurship.
|
| 650 |
|
0 |
|a New business enterprises
|x Management.
|
| 650 |
|
0 |
|a Organizational change.
|
| 655 |
|
4 |
|a Electronic books.
|
| 710 |
2 |
|
|a ProQuest (Firm)
|
| 856 |
4 |
0 |
|u https://ebookcentral.proquest.com/lib/matrademy/detail.action?docID=1157724
|z Click to View
|